| 000 | 01391nas a2200277Ia 4500 | ||
|---|---|---|---|
| 001 | R235-R2322 | ||
| 003 | IT-CnALBA | ||
| 008 | 170116c99999999xx |||||||||||| ||und|| | ||
| 040 |
_aIT-CnALBA _cIT-CnALBA |
||
| 041 | _aITALIANO | ||
| 100 | _aMEAOLO DON GAETANO | ||
| 210 | _aLA MADONNA | ||
| 222 | _aLA MADONNA | ||
| 245 | 0 |
_aLA MADONNA. N. II. ANNO XVII. MARZO APRILE 1969. RIVISTA DI CULTURA MARIANA. _b RIVISTA DI CULTURA MARIANA |
|
| 250 | _a1a ed. | ||
| 260 |
_a ROMA _bDIVINO AMORE SCUOLA TIPOGRAFICA _c1969 |
||
| 300 | _a48 p. | ||
| 310 | _aBIMESTRALE | ||
| 362 | _aFascicolo: 2 / Anno: 17 (1969) | ||
| 500 | _aPRESENTAZIONE CONTENUTO RIVISTA. OMELIA DI PAOLO VI NELLA FESTA DELL'IMMACOLATA, CENTENARIO ACI. PROFESSIONE DI PAOLO VI NELLA MADONNA. CULTO CRISTOLOGICO. MISSIONE DI MARIA. SPIRITO SANTO E MARIA. IMPORTANZA DEL ROSARIO. POSTA DEI LETTORI. BIBLIOGRAFIA. BORZI A. DE ROSA M. | ||
| 501 | _aSocietà San Paolo EM - Piazza San Paolo, 14 - 12051 ALBA (CN) (non commercial uses only) ® Copyright 2017 | ||
| 520 | _aPRESENTAZIONE CONTENUTO RIVISTA. OMELIA DI PAOLO VI NELLA FESTA DELL'IMMACOLATA, CENTENARIO ACI. PROFESSIONE DI PAOLO VI NELLA MADONNA. CULTO CRISTOLOGICO. MISSIONE DI MARIA. SPIRITO SANTO E MARIA. IMPORTANZA DEL ROSARIO. POSTA DEI LETTORI. BIBLIOGRAFIA. BORZI A. DE ROSA M. | ||
| 650 | _aANGELI SANTI DEMONI | ||
| 942 | _cCR | ||
| 957 | _71 | ||
| 999 |
_a12299 _bNO _g1 _c320396 _d320396 |
||